000 00943nas a2200361 4500
001 BR0705043
003 BR-BrBNA
005 20231205111140.0
007 ta
008 230509b bl.|||p| |||| 00| 00por d
040 _aBR-BrBNA
_bpor
_cBiblioteca Nacional de Agricultura
041 _a(Pt)
072 _aF60
100 1 _aSilva, M.L. da
100 1 _aMaia, J.G.S.
100 1 _aMourão, J.C.
100 1 _aPedreira, G.
100 1 _aMarx, M.C.
100 1 _aGottlieb, O.R.
100 1 _aMagalhães, M.T.
245 1 _aÓleos essenciais da Amazonia 6
650 _aÓLEO ESSENCIAL
650 _aCAAPEBA
650 _aLIPPIA GRANDIS
650 _aLICARIA MACROPHYLLA
650 _aPLANTA MEDICINAL
650 _aLAURACEAE
650 _aVERBENACEAE
650 _aAMAZONIA
773 0 _t
_xISSN 004-5967
_g(Dec 1973), v. 3(3) p. 41-42
_wBR0705043
909 _a202311
_bLúcia
_c55
_dLúcia Elande
942 _2AGRIS
_n0
_cANA
999 _c190955
_d190955